000 01041nam a22002537a 4500
005 20170124103012.0
010 _aA-809776
020 _c100.00
_a8170163536
035 _aA-809776
037 _bCen Lib/Ret
040 _aDPL
_bHN
082 _a
_bगंगाप्र
100 _aगंगाप्रसाद विमल
_944829
245 _aकहीं कुछ और /
_cगंगाप्रसाद विमल
246 _aKahin kuch aur /
_bby Ganga Prasad Vimal
260 _aनई दिल्ली
_bकिताबघर
_c1996
270 _a24, अंसारी रोड, दरियागंज
_bनई दिल्ली
_e110002
300 _a241पृ.
_c18सेमी (सजिल्द)
650 _a हिन्दी साहित्य
_957995
650 _a हिन्दी साहित्य -- उपन्यास
_946379
650 _aHindi literature
_957996
650 _aHindi literature -- Fiction
_957997
942 _2ddc
_cHN
_h
_mगंगाप्र
999 _c114709
_d114709